| 000 | 00493nam a2200205Ia 4500 | ||
|---|---|---|---|
| 003 | OSt | ||
| 005 | 20251111095743.0 | ||
| 008 | 250729s2005 xx 000 0 und d | ||
| 020 | _a978-8171415960 | ||
| 040 | _cAL | ||
| 041 | _aeng | ||
| 082 | _a930.7 DAST | ||
| 100 |
_aDash B N _9224180 |
||
| 245 | _aTeaching social studies successfully | ||
| 260 |
_aBangalore _c2005 |
||
| 300 | _a310p | ||
| 650 |
_aHistory _9224181 |
||
| 700 |
_aMurthy Radha Krishna _9224182 |
||
| 942 |
_2ddc _cBED |
||
| 999 |
_c236283 _d236283 |
||